<The> great financial crisis causes and consequences

Salvato in:
Dettagli Bibliografici
Autore principale: Foster, John Bellamy
Altri autori: Magdoff, Fred
Natura: Libro
Lingua:inglese
Pubblicazione: New York Monthly Review Press 2009
Soggetti:
Tags: Aggiungi Tag
Nessun Tag, puoi essere il primo ad aggiungerne!!

MARC

LEADER 00000nam a2200000 4500
001 0118277
005 20240306135709.9
020 |a 978-1-58367-184-9 
041 0 |a eng 
044 |a US 
245 1 0 |a <The> great financial crisis  |b causes and consequences  |c John Bellamy Foster and Fred Magdoff 
264 1 |a New York  |b Monthly Review Press  |c 2009 
300 |a 160 s. 
610 2 0 |a kríza finančná 
610 2 0 |a domácnosti 
610 2 0 |a zadlženosť 
610 2 0 |a monopoly 
610 2 0 |a kapitál 
610 2 0 |a kapitalizmus 
100 1 |a Foster, John Bellamy 
700 1 |a Magdoff, Fred